All SD Basketball Mascots - Statistics

General Stats
  • This quiz has been taken 6 times
    5 since last reset
  • The average score is 64 of 152
Answer Stats
Hint Answer % Correct
Brookings Bobcats
100%
Yankton Bucks
100%
Baltic | De Smet | Madison | Milbank Bulldogs
100%
Aberdeen Roncalli | Bon Homme | SF Jefferson | St. Thomas More Cavaliers
100%
Irene-Wakonda | Sioux Falls Lutheran | Wall Eagles
100%
Brandon Valley Lynx
100%
Dupree | Groton Area | Harrisburg | +7 others Tigers
100%
Watertown Arrows
67%
Webster Area Bearcats
67%
Hanson Beavers
67%
Hot Springs Bison
67%
Stanley County Buffaloes
67%
Arlington | Bison | Deuel | St. Mary's Cardinals
67%
Florence/Henry | Todd County Falcons
67%
Aberdeen Central | Mitchell Christian Golden Eagles
67%
Pierre Governors
67%
Mitchell Kernels
67%
Aberdeen Christian | O'Gorman Knights
67%
Dakota Valley | Great Plains Lutheran | Timber Lake Panthers
67%
Douglas | Hitchock-Tulare | SF Lincoln Patriots
67%
SF Roosevelt Rough Riders
67%
Ethan | Miller Rustlers
67%
Leola/Frederick Area | Mount Vernon/Plankinton | Tea Area Titans
67%
Bennett County | Castlewood | SF Washington | +2 others Warriors
67%
Garretson Blue Dragons
33%
Britton-Hecla | Cheyenne-Eagle Butte | Marty Braves
33%
Hamlin | Sioux Falls Christian | Sully Buttes Chargers
33%
Crazy Horse Chiefs
33%
Rapid City Central Cobblers
33%
Lemmon Cowboys
33%
Jones County | Waverly-South Shore Coyotes
33%
Mahpiya Luta | Sunshine Bible Academy Crusaders
33%
Alcester-Hudson | Chamberlin Cubs
33%
Clark/Willow Lake Cyclones
33%
Deubrook Area Dolphins
33%
Elkton-Lake Benton Elks
33%
Flandreau Fliers
33%
Chester | Freeman Flyers
33%
Gregory Gorillas
33%
Canistota | Colman-Egan Hawks
33%
Bridgewater-Emery | Elk Point- Jefferson Huskies
33%
Flandreau Indian Indians
33%
Corsica-Stickney Jaguars
33%
Langord Area Lions
33%
Little Wound | McLaughlin | Tri-Valley | Waubay/Summit Mustangs
33%
Lennox Orioles
33%
Dell Rapids Quarriers
33%
Gayville-Volin | Lyman | Oldham-Romona-Rutland | Rapid City Stevens Raiders
33%
Sturgis Brown Scoopers
33%
Spearfish | Wessington Springs Spartans
33%
Lakota Tech Tatanka
33%
Faulkton Area | Parkston | West Central Trojans
33%
Wolsey-Wessington Warbirds
33%
Beresford Watchdogs
33%
Custer | Northwestern Wildcats
33%
Kimball/White Lake WiLdKats
33%
Wilmont Wolves
33%
Gettysburg Battlers
0%
Sanborn Central/Woonsocket Blackhawks
0%
Platte-Geddes Black Panthers
0%
Belle Fourche Broncs
0%
Canton C-Hawks
0%
Crow Creek Chieftains
0%
Rapid City Christian Comets
0%
Sioux Valley Cossacks
0%
Burke | Viborg-Hurley Cougars
0%
McCook Central/Montrose Fighting Cougars
0%
Lead-Deadwood Golddiggers
0%
Wakpala Hunkpapa
0%
Kadoka Area Kougars
0%
Faith Longhorns
0%
Edgemont Moguls
0%
Warner Monarchs
0%
Tripp-Delmont/Armour Nighthawks
0%
Parker/Marion | Refield Pheasants
0%
Avon | Highmore-Harrold Pirates
0%
Harding County Ranchers
0%
Hill City Rangers
0%
Estelline/Hendricks Redhawks
0%
Sisseton Redmen
0%
Wagner Red Raiders
0%
Philip Scotties
0%
Iroquois/Lake Preston Sharks
0%
Lower Brule Sioux
0%
Takini Skyhawks
0%
Vermillion Tanagers
0%
Pine Ridge Thorpes
0%
Andres Central/Dakota Christian | North Central Thunder
0%
Tiospaye Topa Thunderhawks
0%
Centerville Tornados
0%
Scotland/Menno Trappers
0%
James Valley Christian Vikings
0%
Tiospa Zina Wambdi
0%
Herreid/Selby Area Wolverines
0%
No matching quizzes found
Score Distribution
Percent of People with Each Score
Percentile by Number Answered
Your Score History
You have not taken this quiz since the last reset